Famous Leaders on a Political Compass - Statistics

General Stats
  • This quiz has been taken 1,598 times
  • The average score is 5 of 12
Answers on the Map
Answers color-coded by a green-red scale on the quiz's map according to % correct below.
 
Answer Stats
Answer % Correct
Adolf Hitler
84%
Joseph Stalin
58%
Vladimir Lenin
41%
Fidel Castro
40%
Barack Obama
38%
George W. Bush
38%
Bernie Sanders
37%
Ronald Reagan
35%
Ayn Rand
34%
Noam Chomsky
34%
Nelson Mandela
33%
Thomas Jefferson
32%
No matching quizzes found
Score Distribution
Percent of People with Each Score
Percentile by Number Answered
Your Score History
You have not taken this quiz